| 000 | 00830nmc a2200301 a 4500 | ||
|---|---|---|---|
| 003 | AR-BaBNM | ||
| 005 | 20251128204114.0 | ||
| 008 | 025019s1992 ||||||||||||||000 | spa|| | ||
| 020 | _a950-25-2642-4 | ||
| 040 | _cAR-BaBNM | ||
| 100 | 1 | _aChertudi, Susana | |
| 245 | 1 | 0 | _aFolklore literario argentino |
| 260 |
_aBuenos Aires _bCentro Editor de América Latina _c1992 |
||
| 300 | 0 | _a113 p. | |
| 490 | 0 | _aBiblioteca básica argentina. Serie A | |
| 650 | 4 | _aLITERATURA FOLKLORICA | |
| 650 | 4 | _aANALISIS LITERARIO | |
| 650 | 4 | _aLITERATURA ARGENTINA | |
| 650 | 4 | _aINVESTIGACION LITERARIA | |
| 650 | 4 | _aCUENTOS DE ANIMALES | |
| 650 | 4 | _aCUENTOS FOLKLORICOS | |
| 650 | 4 | _aTEORIA LITERARIA | |
| 653 | 0 | _aESTUDIOS LITERARIOS | |
| 653 | 0 | _aCUENTOS ARGENTINOS | |
| 655 | _aLITERATURA | ||
| 942 | _cBK | ||
| 998 | _cCarmen | ||
| 999 |
_c6194 _d6194 |
||